Το ταξίδι του Λίβινγκστον

Saved in:
Bibliographic Details
Main Author: Ceserani, Gian Paolo, 1939-
Other Authors: Ventura, Piero (Illustrator), Γαϊτάνος, Πέτρος (Translator)
Format: Book
Language:Greek
Italian
Published: Αθήνα : Άμμος, c1986.
Series:Βιβλία της Άμμου
Subjects:
Tags: Add Tag
No Tags, Be the first to tag this record!

MARC

LEADER 00000cam a2200000 i 4500
001 1/81277
008 960829s1986 gr | ||| |||| ||gre||
020 |a 9602020334 
035 |a 1995  |b 1  |c Μαμαλίγκα  |l 10033653 
040 |a GR-MY-UA  |b gre  |e aacr 
041 1 |a gre  |h ita 
082 7 |a 916.7040924   |2 (22) 
100 1 |a Ceserani, Gian Paolo,   |d 1939- 
245 1 3 |a Το ταξίδι του Λίβινγκστον /   |c Gian Paolo Ceserani ; εικονογράφηση: Piero Ventura ; μετάφραση: Πέτρος Γαϊτάνος.  
260 |a Αθήνα :   |b Άμμος,   |c c1986. 
300 |a 32 σ. :   |b έγχρ. εικ. ;   |c 29 εκ.  
490 1 |a (Βιβλία της Άμμου) 
500 |a Τίτλος πρωτοτύπου: I viaggi di Livingstone.  
600 1 0 |a Livingstone, David,   |d 1813-1873  |x Juvenile literature. 
650 0 0 |a Explorers  |z Africa, Southern  |x Biography  |x Juvenile literature. 
650 0 0 |a Missionaries, Medical  |x Biography  |x Juvenile literature. 
650 0 0 |a Explorers  |z Scotland  |x Biography  |x Juvenile literature. 
650 0 0 |a Voyages and travels. 
700 1 |a Ventura, Piero,  |e ill 
700 1 |a Γαϊτάνος, Πέτρος,  |e trl 
830 0 |a Βιβλία της Άμμου 
852 |a INST  |b RHODES  |e 19960829  |h 916.7040924 CES  |p 005400007098  |q 005400007098  |t BK  |y 0 
909 |a Ρ  |b 040023 
970 |a ΧΟΡΟΖΙΔΟΥ  |b ΤΖΕΝΗ  |z 2000/02/15